000 00512nam a2200181 i 4500
001 32375
003 ES-MaACL
007 t|
008 030131s1907 gw ||||1| eng d
100 1 _aBennett, Arnold.
_927731
245 1 0 _aWhom God hath joined /
_cby Arnold Bennett.
260 _aLeipzig :
_bBernhard Tauchnitz,
_c1907.
300 _a328 p. ;
_c16 cm.
490 1 _aCollection of British authors
830 0 _aCollection of British authors
_9180703
852 _aES-MaACL
_jG-13044
999 _c32375
_d32375